

| 000 -LEADER | |
|---|---|
| fixed length control field | 01369nam a2200157Ia 4500 |
| 005 - DATE AND TIME OF LATEST TRANSACTION | |
| control field | 20260209120126.0 |
| 008 - FIXED-LENGTH DATA ELEMENTS--GENERAL INFORMATION | |
| fixed length control field | 260209s9999||||xx |||||||||||||| ||und|| |
| 100 ## - MAIN ENTRY--PERSONAL NAME | |
| Personal name | Arjun Varghese Kuriappan |
| 245 #0 - TITLE STATEMENT | |
| Title | Netting central counterparty in over-the-counter financial derivatives in India : a study |
| 260 ## - PUBLICATION, DISTRIBUTION, ETC. | |
| Place of publication, distribution, etc. | BangaloreBangalore |
| Name of publisher, distributor, etc. | NLSIU |
| Date of publication, distribution, etc. | 2009 |
| 300 ## - PHYSICAL DESCRIPTION | |
| Extent | 77 p. ; 25 cm. |
| 505 ## - FORMATTED CONTENTS NOTE | |
| Formatted contents note | Table of Contents 1. Introduction; Derivatives Contracts; History of Derivatives; Financial Derivatives; Types of Markets; Kinds of Products; Derivatives and Wager; Scope of the study; 2. Standard Market Documentation; Origin and Development; ISDA Documentation; Architecture of ISDA Documentation; 3. Set-Off and Netting; Set-Off; Classes of Set-Off; Advantages of Set-Off and Netting; Disadvantages of Set-Off and Netting; Netting; Set-Off Netting; Insolvency Set-Off and Netting; Set-Off and Netting Mutuality; Non-Mutual Multilateral Netting and Clearing Houses; Indian Scenario; 4. OTC Derivatives and Central Counterparty; Introduction; Central Clearing for OTC Derivatives; Benefits of CCPs; Challenges with CCPs; Assessment of CCPs; Overview of CCP Risk; 5. Conclusion. |
| 650 ## - SUBJECT ADDED ENTRY--TOPICAL TERM | |
| Topical term or geographic name entry element | Derivatives Contracts Financial Derivatives |
| 700 ## - ADDED ENTRY--PERSONAL NAME | |
| Personal name | Prof. M P Padmanabha Pillai - GuideProf. M P Padmanabha Pillai - Guide |
| 856 ## - ELECTRONIC LOCATION AND ACCESS | |
| Uniform Resource Identifier | <a href="https://dans.nls.ac.in/handle/123456789/1441">https://dans.nls.ac.in/handle/123456789/1441</a> |
| Withdrawn status | Lost status | Damaged status | Not for loan | Home library | Current library | Date acquired | Total Checkouts | Barcode | Date last seen | Price effective from | Koha item type |
|---|---|---|---|---|---|---|---|---|---|---|---|
| . | . | 09.02.2026 | LLM233 | 09.02.2026 | 09.02.2026 | Dissertation |